Guess the animal by picture - Statistics

General Stats
  • This quiz has been taken 95 times
  • The average score is 15 of 16
Answer Stats
Picture Answer % Correct
cow
98%
elephant
98%
frog
98%
tiger
98%
bee
96%
dog
96%
fox
95%
giraffe
95%
owl
95%
sheep
95%
snake
95%
monkey
94%
octopus
94%
zebra
94%
koala
92%
penguin
90%
No matching quizzes found
Score Distribution
Percent of People with Each Score
Percentile by Number Answered
Your Score History
You have not taken this quiz